BSOP header

A history of Pentateuchal traditions / (Record no. 13503)

MARC details
000 -LEADER
fixed length control field 00740nam a2200193 4500
008 - FIXED-LENGTH DATA ELEMENTS--GENERAL INFORMATION
fixed length control field 021213s1981 us eng
020 ## - INTERNATIONAL STANDARD BOOK NUMBER
International Standard Book Number 0891304460
090 ## - LOCALLY ASSIGNED LC-TYPE CALL NUMBER (OCLC); LOCAL CALL NUMBER (OCLC)
Classification number (OCLC) (R) ; Classification number, CALL (RLIN) (NR) BS1225.2
Local cutter number (OCLC) ; Book number/undivided call number, CALL (RLIN) N84h
100 1# - MAIN ENTRY--PERSONAL NAME
Personal name Noth, Martin
245 10 - TITLE STATEMENT
Title A history of Pentateuchal traditions /
Statement of responsibility, etc Martin Noth; translated with an introduction by Bernhard W. Anderson.
260 ## - PUBLICATION, DISTRIBUTION, ETC. (IMPRINT)
Place of publication, distribution, etc Georgia :
Name of publisher, distributor, etc Scholars Press,
Date of publication, distribution, etc c1981.
300 ## - PHYSICAL DESCRIPTION
Extent v, 296 p.
490 1# - SERIES STATEMENT
Series statement Scholars press reprint series;
Volume number/sequential designation 5
500 ## - GENERAL NOTE
General note Reprint of the 1972 ed. published by Prentice-Hall, New Jersey
650 #4 - SUBJECT ADDED ENTRY--TOPICAL TERM
Topical term or geographic name as entry element Bible. O.T. Pentateuch
General subdivision Criticism, interpretation, etc.
951 ## - EQUIVALENCE OR CROSS-REFERENCE-GEOGRAPHIC NAME/AREA NAME [OBSOLETE] [CAN/MARC only]
General subdivision 00002819
700 1# - ADDED ENTRY--PERSONAL NAME
Personal name Anderson, Bernhard W.
950 0# - LOCAL HOLDINGS (RLIN)
-- 3.95
951 ## - EQUIVALENCE OR CROSS-REFERENCE-GEOGRAPHIC NAME/AREA NAME [OBSOLETE] [CAN/MARC only]
-- 12627
-- BS1225.2/N84h
-- 070613111158015
-- 2000-12-21
-- GC
Holdings
Withdrawn status Lost status Damaged status Not for loan Home library Current library Shelving location Date acquired Accession number Shelving control number Total Checkouts Full call number Barcode Date last seen Price effective from Koha item type
        BSOP Library BSOP Library GC 12/21/2000 12627 127   BS1225.2/N84h 00002819 02/23/2013 02/23/2013 Books
BSOP

Biblical Seminary of the Philippines
  All rights Reserved
  © 2024

CONTACT INFORMATION

Biblical Seminary of the Philippines,
  77-B Karuhatan Road, Valenzuela City,
  PHILIPPINES 1441
  Phone: +632 8292-6795 / 8292-6798
  Fax : +632 8292-6675
  Email: library@bsop.edu.ph